| 000 | 01481cam a22003737a 4500 | ||
|---|---|---|---|
| 003 | CHAP | ||
| 005 | 20220329142047.0 | ||
| 008 | 990518 1996 mx b r 00010 spa d | ||
| 010 | _a77827 | ||
| 011 | _a78799 | ||
| 035 | _a88881 | ||
| 040 | _cCHAP | ||
| 090 | _aFolleto 15229 v.15 | ||
| 100 | 0 | 0 |
_aRodríguez Jiménez, L. Socorro. _998616 |
| 245 | 1 | 0 |
_aListado floristico del estado de Michoacán sección V : _b(Angiospermae : Najadaceae-Zygophyllaceae) _c/por L. Socorro Rodríguez Jiménez, Judith Espinosa Garduño |
| 260 |
_aPátzcuaro, Mich. : _bInstituto de Ecología A.C. Centro Regional del Bajío, _c1996. |
||
| 300 |
_a344 p. : _bmapas |
||
| 490 | 0 |
_aFlora del Bajío y de Regiones Adyacentes. Fascículo complementario _v; 15 |
|
| 590 |
_aBATCH-UPD _b10 _c20130110 _lUCH01 _h0135 |
||
| 590 |
_aBATCH-UPD _b10 _c20130110 _lUCH01 _h0817 |
||
| 590 |
_aBATCH-UPD _b10 _c20130409 _lUCH01 _h2132 |
||
| 590 |
_aBATCH-UPD _b10 _c20130410 _lUCH01 _h0454 |
||
| 590 |
_aBATCH-UPD _b10 _c20130914 _lUCH01 _h0335 |
||
| 590 |
_aBATCH-UPD _b10 _c20130914 _lUCH01 _h2007 |
||
| 590 |
_aCONVERSION _b10 _c20130109 _lUCH01 _h1343 |
||
| 650 | 1 | 4 |
_aAngiospermas. _95797 |
| 650 | 1 | 4 |
_aBotánica _xMichoacán. _914589 |
| 700 | 0 |
_aEspinosa Garduño, Judith. _937938 |
|
| 830 | 0 |
_aFlora del Bajío y de Regiones Adyacentes. Fascículo complementario _v; 15 _941325 |
|
| 901 | _aBK | ||
| 905 | _aMayto Villalobos S. | ||
| 942 | _cTESIS | ||
| 949 |
_aFolleto 15229 v.15 _bBC _cTES _d888811 _eTS1 _i88881 _sb |
||
| 999 |
_c77827 _d77827 |
||